¿Qué está pasando en el feminismo norteamericano? /
Análisis del movimiento feminista en los países desarrollados y en los países en desarrollo. Examina la situación de la mujer después de la Década dedicada a ella (1975-1985). Concluye que, en la realidad, la situación no ha cambiado mucho y que el trabajo de la mujer continua siendo subvalorado y m...
Shranjeno v:
| Glavni avtor: | |
|---|---|
| Format: | Texto |
| Teme: | |
| Oznake: |
Označite
Brez oznak, prvi označite!
|
MARC
| LEADER | 00000 a a2200000 04500 | ||
|---|---|---|---|
| 001 | 3728 | ||
| 003 | |||
| 040 | |||
| 100 | |a Chuchryk, Patricia | ||
| 245 | |a ¿Qué está pasando en el feminismo norteamericano? / |c Patricia Chuchryk | ||
| 520 | |a Análisis del movimiento feminista en los países desarrollados y en los países en desarrollo. Examina la situación de la mujer después de la Década dedicada a ella (1975-1985). Concluye que, en la realidad, la situación no ha cambiado mucho y que el trabajo de la mujer continua siendo subvalorado y mal pagado. OB/eb | ||
| 650 | |a MUJERES | ||
| 650 | |a MOVILIDAD SOCIAL | ||
| 650 | |a PAISES DESARROLLADOS | ||
| 650 | |a PAISES EN DESARROLLO | ||
| 650 | |a CONDICIONES DE VIDA | ||
| 650 | |a SALARIOS | ||
| 650 | |a EMPLEO | ||
| 650 | |a DESEMPLEO | ||
| 650 | |a RECESION ECONOMICA | ||
| 650 | |a POBREZA | ||
| 650 | |a ORGANIZACIONES FEMENINAS | ||
| 773 | |g VII, número 1; páginas 16-20 | ||
| 999 | |c 22716 |d 22716 | ||
